Understanding the Dalai Lama / (Record no. 4601)

MARC details
000 -LEADER
fixed length control field 00536 a2200169 4500
010 ## - LCCN (DPL NO)
LC control number ENG-86465
020 ## - INTERNATIONAL STANDARD BOOK NUMBER
International Standard Book Number 0143101293
Terms of availability 295.00
035 ## - SYSTEM CONTROL NUMBER
System control number EN-69998
037 ## - SOURCE OF ACQUISITION
Source of stock number/acquisition DBAD / PUB
082 14 - DEWEY DECIMAL CLASSIFICATION NUMBER
Classification number 181.499
245 1# - TITLE STATEMENT
Title Understanding the Dalai Lama /
Statement of responsibility, etc edited by Rajiv Mehrotra
260 ## - PUBLICATION, DISTRIBUTION, ETC. (IMPRINT)
Place of publication, distribution, etc New Delhi
Name of publisher, distributor, etc Penguin Books
Date of publication, distribution, etc 2006
270 ## - ADDRESS
Address 11, Community Centre, Panchsheel Park
City New Delhi
State or province West Bengal
Postal code 110 017
300 ## - PHYSICAL DESCRIPTION
Extent xxvii. 266 p.
Dimensions 21cm (Pbk)
700 1# - ADDED ENTRY--PERSONAL NAME
Personal name Mehrotra, Raajiv
942 ## - ADDED ENTRY ELEMENTS (KOHA)
Institution code [OBSOLETE] dpl
Item type English Books
Source of classification or shelving scheme Dewey Decimal Classification
Classification part 181.499
Call number suffix UND
Holdings
Withdrawn status Lost status Not for loan Collection code Home library Current library Source of acquisition Cost, normal purchase price Full call number Barcode Copy number Cost, replacement price Koha item type
    Not For Loan Non-fiction D.B.Act.Division D.B.Act.Division DBAD/PUB 295.00 181.499 UND EN-69998 1 295.00 English Books

© Delhi Public Library
Hit Counter
free hit counter